000 00525nam a2200181Ia 4500
005 20250625114938.0
008 008 250516s9999 xx 000 0 eng d
020 _a9781032701547
040 _beng
_cSDCL
041 _aeng
_2eng
084 _aB28 R4
100 _aIbarra, Luis Fernando
_9809321
245 0 _aSimulation and statistics with excel :
_bAn introduction to business students
260 _aBoca raton :
_bCRC Press,
_c2024.
300 _axv, 273p.
650 _aOperational Research
942 _cTEXL
_2CC
999 _c1429026
_d1429026